| 000 | 00436nam a2200193Ia 4500 | ||
|---|---|---|---|
| 008 | 210210b2017 xxu||||| |||| 00| 0 eng d | ||
| 020 | _a9780143426578 | ||
| 041 | _aeng | ||
| 082 | _a820.33 DATB | ||
| 100 | _aDATTA (Durjoy) | ||
| 245 | _aBoy who loved | ||
| 260 |
_aUSA _bPenguin Books _c2017 |
||
| 300 | _avi,297 | ||
| 650 | _awho | ||
| 650 | _aloved | ||
| 650 | _aBoy | ||
| 690 | _aIndian English Fiction | ||
| 906 | _a071552 | ||
| 999 |
_c121285 _d121285 |
||